| 000 | 004510000a22001810004500 | ||
|---|---|---|---|
| 003 | MACL | ||
| 005 | 20151016134047.0 | ||
| 008 | 151016b xxu||||| |||| 00| 0 eng d | ||
| 040 |
_aMACL _cMACL |
||
| 041 | _aEnglish | ||
| 082 | _a920/PAN | ||
| 100 |
_aPande, B N _91762 |
||
| 245 |
_aIndira Gandhi _bBulders of Modern India |
||
| 260 |
_bPublications Division _c1989 _aNew Delhi |
||
| 350 | _a65 | ||
| 650 |
_aBiography _915262 |
||
| 942 |
_cBK _k920 _2ddc |
||
| 999 |
_c4301 _d4301 |
||